Statistics for Cubs Opening Day Starters

Click here to take the quiz!

General Stats

  • This quiz has been taken 139 times
    (80 since last reset)
  • The average score is 28 of 90

Answer Stats

Answer% Correct
Willson Contreras
98%
Anthony Rizzo
96%
Javier Baez
96%
Kris Bryant
94%
Kyle Hendricks
93%
Jason Heyward
87%
Jon Lester
80%
Jake Arrieta
78%
Addison Russell
74%
Kyle Schwarber
74%
Ian Happ
72%
Patrick Wisdom
70%
Seiya Suzuki
70%
Nico Hoerner
69%
David Ross
65%
Dexter Fowler
63%
Kerry Wood
63%
Miguel Montero
63%
Sammy Sosa
63%
Ben Zobrist
59%
Starlin Castro
50%
Albert Almora
48%
Carlos Zambrano
48%
Derrek Lee
48%
Alfonso Soriano
46%
Frank Schwindel
46%
Aramis Ramirez
43%
Geovany Soto
43%
Nick Madrigal
43%
David Bote
39%
Mark Grace
37%
Jorge Soler
33%
Moises Alou
30%
Ryan Dempster
30%
Ryan Theriot
30%
Chris Coghlan
28%
Darwin Barney
26%
Kouske Fukudome
26%
Tommy La Stella
24%
Alex Gonzalez
22%
Jacque Jones
22%
Michael Barrett
22%
Felix Pie
20%
Mike Olt
20%
Corey Patterson
19%
Juan Pierre
19%
Eric Young
17%
Joc Pederson
17%
Joe Girardi
17%
Jon Lieber
17%
Welington Castillo
17%
Carlos Pena
15%
Luis Valbuena
15%
Marlon Byrd
15%
Mike Fontenot
15%
Milton Bradley
15%
Mark Grudzielanek
13%
Nate Schierholtz
13%
Todd Walker
13%
Daminan Miller
11%
David DeJesus
11%
Fred McGriff
11%
Heep-Seop Choi
11%
Henry Rodriguez
11%
Mark DeRosa
11%
Matt Murton
11%
Emilo Bonifacio
9%
Jeff Baker
9%
Junior Lake
9%
Mark Bellhorn
9%
Bill Mueller
7%
Matt Stairs
7%
Ronny Cedeno
7%
Roosevelt Brown
7%
Todd Hollandsworth
7%
Ian Stewart
6%
Jeremy Burnitz
6%
Rondell White
6%
Todd Hundley
6%
Cesar Izturis
4%
Jose Nieves
4%
Ricky Gutierrez
4%
Brent Lillibridge
2%
Chris Stynes
2%
Damon Buford
2%
Delino DeShields
2%
Jeff Samardzijia
2%
Mark Zagunis
2%
Nomar Garciparra
2%
Shane Andrews
2%

Score Distribution

Percentile by Number Answered

Percent of People with Each Score

Your Score History

You have not taken this quiz since the last reset